000
00288nam a2200121Ia 4500
100
_a
Van Vlack/L.H
942
_c
BK
654
_a
Material Science
245
_a
Elements of Materials Science & Engineering
260
_b
Addison Wesly
_a
Reading
_c
1989
300
_a
598
546
_a
ENGLISH
999
_c
32154
_d
32154